000 00697nam a2200241 a 4500
001 72456
003 BD-RjUL
005 20211209082249.0
008 170518s1976 ii a|||| |||| 001 0 eng d
035 _a(BD-RjUL) 72674
040 _aBD-RjUL
_beng
_cBD-RjUL
_dBD-RjUL
041 _aeng
082 _223
_a535
_bMAT 1976
100 1 _aMazumdar, K. G.
_9165936
245 1 0 _aA Text Book on Light :
_bfor Advanced Degree Students /
_cK. G. Mazumdar
250 _a4th ed.
260 _aCalutta :
_bModern Book Agency Private Lit.,
_c1974
300 _avol. :
_bill. ;
_c21 cm.
500 _aIncludes index.
505 0 _aPart 1(Geometrical Optics)--
650 _aLight
_9212400
942 _2ddc
_cBK
999 _c72456
_d72456